<?xml version="1.0" encoding="UTF-8"?>
<record
    xmlns:xsi="http://www.w3.org/2001/XMLSchema-instance"
    xsi:schemaLocation="http://www.loc.gov/MARC21/slim http://www.loc.gov/standards/marcxml/schema/MARC21slim.xsd"
    xmlns="http://www.loc.gov/MARC21/slim">

  <leader>00627nam a22002057a 4500</leader>
  <controlfield tag="005">20221026101221.0</controlfield>
  <controlfield tag="008">200221b        mx ||||| |||| 00| 0 spa d</controlfield>
  <datafield tag="020" ind1=" " ind2=" ">
    <subfield code="a">9684520042</subfield>
  </datafield>
  <datafield tag="050" ind1="0" ind2="4">
    <subfield code="a">JC255</subfield>
    <subfield code="b">G66 1988</subfield>
  </datafield>
  <datafield tag="100" ind1="1" ind2=" ">
    <subfield code="a">Gonz&#xE1;lez Uribe, H&#xE9;ctor</subfield>
    <subfield code="e">autor</subfield>
  </datafield>
  <datafield tag="245" ind1="1" ind2="0">
    <subfield code="a">Hombre y estado </subfield>
    <subfield code="b">: Estudios pol&#xED;tico-constitucionales</subfield>
    <subfield code="c">/ H&#xE9;ctor Gonz&#xE1;lez Uribe.</subfield>
  </datafield>
  <datafield tag="250" ind1=" " ind2=" ">
    <subfield code="a">1a ed.</subfield>
  </datafield>
  <datafield tag="260" ind1=" " ind2=" ">
    <subfield code="a">M&#xE9;xico :</subfield>
    <subfield code="b">Porr&#xFA;a,</subfield>
    <subfield code="c">1988</subfield>
  </datafield>
  <datafield tag="300" ind1=" " ind2=" ">
    <subfield code="a">viii, 371 p. :</subfield>
    <subfield code="c">22 cm.</subfield>
  </datafield>
  <datafield tag="504" ind1=" " ind2=" ">
    <subfield code="a">Incluye bibliograf&#xED;a</subfield>
  </datafield>
  <datafield tag="650" ind1=" " ind2="7">
    <subfield code="2">lemb</subfield>
    <subfield code="a">Teor&#xED;a pol&#xED;tica</subfield>
  </datafield>
  <datafield tag="650" ind1=" " ind2="7">
    <subfield code="2">lemb</subfield>
    <subfield code="a">Estado</subfield>
  </datafield>
  <datafield tag="650" ind1=" " ind2="7">
    <subfield code="2">lemb</subfield>
    <subfield code="a">Derecho constitucional</subfield>
  </datafield>
  <datafield tag="942" ind1=" " ind2=" ">
    <subfield code="2">lcc</subfield>
    <subfield code="c">LIB</subfield>
  </datafield>
  <datafield tag="999" ind1=" " ind2=" ">
    <subfield code="c">154458</subfield>
    <subfield code="d">154456</subfield>
  </datafield>
  <datafield tag="952" ind1=" " ind2=" ">
    <subfield code="1">0</subfield>
    <subfield code="2">lcc</subfield>
    <subfield code="4">0</subfield>
    <subfield code="7">0</subfield>
    <subfield code="a">LIC-002</subfield>
    <subfield code="b">LIC-002</subfield>
    <subfield code="c">GENERAL</subfield>
    <subfield code="d">2020-02-21</subfield>
    <subfield code="f">1a ed.</subfield>
    <subfield code="i">D</subfield>
    <subfield code="k">CSA</subfield>
    <subfield code="o">JC255 G66 1988</subfield>
    <subfield code="p">BFD000012022</subfield>
    <subfield code="r">2020-02-21 00:00:00</subfield>
    <subfield code="t">1</subfield>
    <subfield code="v">1.00</subfield>
    <subfield code="y">LIB</subfield>
  </datafield>
  <datafield tag="952" ind1=" " ind2=" ">
    <subfield code="1">0</subfield>
    <subfield code="2">lcc</subfield>
    <subfield code="4">0</subfield>
    <subfield code="7">0</subfield>
    <subfield code="a">LIC-002</subfield>
    <subfield code="b">LIC-002</subfield>
    <subfield code="c">GENERAL</subfield>
    <subfield code="d">2020-02-21</subfield>
    <subfield code="f">1a ed.</subfield>
    <subfield code="i">D</subfield>
    <subfield code="k">CSA</subfield>
    <subfield code="o">JC255 G66 1988</subfield>
    <subfield code="p">BFD000012023</subfield>
    <subfield code="r">2020-02-21 00:00:00</subfield>
    <subfield code="t">2</subfield>
    <subfield code="v">1.00</subfield>
    <subfield code="y">LIB</subfield>
  </datafield>
  <datafield tag="952" ind1=" " ind2=" ">
    <subfield code="1">0</subfield>
    <subfield code="2">lcc</subfield>
    <subfield code="4">0</subfield>
    <subfield code="7">0</subfield>
    <subfield code="a">BACH-006</subfield>
    <subfield code="b">BACH-006</subfield>
    <subfield code="c">GENERAL</subfield>
    <subfield code="d">2020-02-25</subfield>
    <subfield code="f">1a ed.</subfield>
    <subfield code="i">NMS</subfield>
    <subfield code="k">CSA</subfield>
    <subfield code="o">JC255 G66 1988</subfield>
    <subfield code="p">PIA000005814</subfield>
    <subfield code="r">2020-02-25 00:00:00</subfield>
    <subfield code="t">C:1</subfield>
    <subfield code="v">1.00</subfield>
    <subfield code="y">LIB</subfield>
  </datafield>
  <datafield tag="952" ind1=" " ind2=" ">
    <subfield code="1">0</subfield>
    <subfield code="2">lcc</subfield>
    <subfield code="4">0</subfield>
    <subfield code="7">0</subfield>
    <subfield code="a">BACH-006</subfield>
    <subfield code="b">BACH-006</subfield>
    <subfield code="c">GENERAL</subfield>
    <subfield code="d">2022-07-27</subfield>
    <subfield code="f">1a ed.</subfield>
    <subfield code="k">CSA</subfield>
    <subfield code="l">0</subfield>
    <subfield code="o">JC255 G66 1988</subfield>
    <subfield code="p">PIA000007994</subfield>
    <subfield code="r">2022-07-27 00:00:00</subfield>
    <subfield code="t">2</subfield>
    <subfield code="v">1.00</subfield>
    <subfield code="y">LIB</subfield>
  </datafield>
  <datafield tag="952" ind1=" " ind2=" ">
    <subfield code="1">0</subfield>
    <subfield code="2">lcc</subfield>
    <subfield code="4">0</subfield>
    <subfield code="7">0</subfield>
    <subfield code="a">BACH-007</subfield>
    <subfield code="b">BACH-007</subfield>
    <subfield code="c">GENERAL</subfield>
    <subfield code="d">2022-07-28</subfield>
    <subfield code="f">1a. ed.</subfield>
    <subfield code="k">EH</subfield>
    <subfield code="o">JC261 G65 1988</subfield>
    <subfield code="p">PMO000001567</subfield>
    <subfield code="r">2022-07-28 00:00:00</subfield>
    <subfield code="t">C:1</subfield>
    <subfield code="v">1.00</subfield>
    <subfield code="y">LIB</subfield>
  </datafield>
  <datafield tag="952" ind1=" " ind2=" ">
    <subfield code="1">0</subfield>
    <subfield code="2">lcc</subfield>
    <subfield code="4">0</subfield>
    <subfield code="7">0</subfield>
    <subfield code="a">BACH-007</subfield>
    <subfield code="b">BACH-007</subfield>
    <subfield code="c">GENERAL</subfield>
    <subfield code="d">2022-07-28</subfield>
    <subfield code="f">1a. ed.</subfield>
    <subfield code="k">CSA</subfield>
    <subfield code="o">JC255 G66 1988</subfield>
    <subfield code="p">PMO000001568</subfield>
    <subfield code="r">2022-07-28 00:00:00</subfield>
    <subfield code="t">2</subfield>
    <subfield code="v">1.00</subfield>
    <subfield code="y">LIB</subfield>
  </datafield>
</record>
